| 000 | 00000nam 2200000za 4500 |
| 001 | 9.636240 |
| 003 | CaOODSP |
| 005 | 20240906105559 |
| 007 | cr ||||||||||| |
| 008 | 150407s2007 quc|||| o f00| 0 fre d |
| 040 | |aCaOODSP|bfre |
| 043 | |an-cn--- |
| 086 | 1 |aP26-4/2007F-PDF |
| 245 | 00|aTPSGC norme nationale CDAO |h[ressource électronique] : |bconception et dessin assisté par ordinateur. |
| 250 | |aÉdition de 2007. |
| 260 | |a[Gatineau] : |bTravaux publics et Services gouvernementaux Canada,|c2007. |
| 300 | |a54p.|bfigures, tableaux |
| 590 | |a09-05-Supp|b2009-06-25 |
| 691 | 07|aSystème informatique|2gcpds |
| 691 | 07|aConception|2gcpds |
| 710 | 1 |aCanada. |bTravaux publics et services gouvernementaux Canada. |
| 775 | 08|tPWGSC national CADD standard|w(CaOODSP)9.691945 |
| 794 | |tTPSGC norme nationale CDAO |b2012|w(CaOODSP)9.821465 |
| 856 | 40|ahttp://publications.gc.ca|qPDF|s1219 Ko|uhttps://publications.gc.ca/collections/collection_2009/tpsgc-pwgsc/P26-4-2007F.pdf |